000 00240nam a2200097Ia 4500
008 240331s9999 xx 000 0 und d
082 _bASI
100 _aGriffen, V. ed
245 0 _aAsia-Pacific post Beijing implementation monitor
942 _cL
999 _c1810
_d1810